00940nam a22002651i 450000100060000000300090000600500170001500700030003200800410003501600180007602000180009404000200011208000310013210000470016324500830021026000520029330000210034549000110036650400320037760000740040983000190048385200330050299900170053595201220055254028ES-MaACL20240420063023.0t|031121s1980 sp ||||0| spa d7 zIND9300571002 a84-7492-027-2 aM-BN bspa cA2 a860 Cunqueiro, Alvaro 1.060 aMartínez Torrón, Diego, d1950-97845113aLa fantasía lúdica del Alvaro Cunqueiro / c[por] Diego Martínez Torron. a[La Coruña : bEdic. Do Castro], cimp. 1980. a179 p ; c19 cm.1 aEnsayo aBibliografía: p. 173-179.14aCunqueiro, Álvaro,d1911-1981-xCrítica e interpretación9421890 aEnsayo9177699 aES-MaACLjL-26682 bR.132271 c54028d54028 00104070aATENEOMbATENEOMcDEPO2d2008-01-17eSCl0oL-26682p1056782r2023-02-23 00:00:00w2023-02-23yMONOGRAFIA